Les albums d'Avril Lavigne - Statistiques

Statistiques générales
  • Ce quiz a été pris 45 fois
  • Le résultat moyen est 6 sur 7
Statistiques - réponses
Années de sortie Albums % Correct
2002 Let Go
100%
2004 Under My Skin
86%
2011 Goodbye Lullaby
82%
2022 Love Sux
77%
2007 The Best Damn Thing
77%
2013 Avril Lavigne
73%
2019 Head Above Water
68%
Aucun quiz correspondant
Distribution des résultats
% des personnes avec chaque résultat
Percentile par nombre de réponses
Votre historique - résultats
Vous n’avez pas pris ce quiz